000 00483 a2200193 4500
005 20260407122401.0
008 260407b |||||||| |||| 00| 0 eng d
020 _a9789390012374
_cRs. 1895.00
040 _aMAIN
082 _a579.135
_bK423G
100 _aKenyes, Herry
245 _aGenetics and physiology of microbes
260 _bAmiga Press
_c2021
_aDelhi
300 _aviii, 233
650 _aGenetics
650 _aBiology
650 _aMicro organism
942 _cBK
999 _c396770
_d396770